000 00486nam a22001817a 4500
999 _c6383
_d6381
005 20210904101917.0
008 200521b xxu||||| |||| 00| 0 eng d
020 _a8120417066
041 _aeng
082 _a320.01 HAB
100 _aSabine, Georgh h and thorson , Thomasl
_95695
245 _aA History of Poltical Theory
250 _a4'th
260 _aNew Delhi
_bOxford and IBH Publishing co Pvt Ltd
_c1973
300 _a871p.
650 _aPoltical Science
_95696
942 _cBK